000 00497nam a22001937a 4500
003 CEME
005 20210628201716.0
008 210204b xxu||||| |||| 00| 0 eng d
020 _a9812-53-037-1
040 _c.
082 _a519.3 CHO
100 _aChong, Edwin. K.P ,Zak, Stanislaw.H
_956443
245 _aAn introduction to optimization
250 _a2ND
260 _aINDIA
_bJOHN WILEY
_c2004
300 _aXV,476P
650 _aINTRODUCTION TO OPTIMIZATION
_956444
942 _cBK
_2ddc
999 _c566859
_d566859